LEADER 00941nam0-22002891--450- 001 990008794330403321 005 20090120131018.0 035 $a000879433 035 $aFED01000879433 035 $a(Aleph)000879433FED01 035 $a000879433 100 $a20090120d1973----km-y0itay50------ba 101 0 $aita 102 $aIT 105 $ay-------001yy 200 1 $aTribunali e giuristi consulenti italiani d'Ancien regime$eraccolte italiane di giurisprudenza e di consilia nell'eta moderna$fMario Ascheri 210 $aSiena$c[Università di Siena]$d1973$eSiena$gStamperia dell'Università 215 $a127 p.$d22 cm 676 $a340$v11 rid.$zita 700 1$aAscheri,$bMario$f<1944- >$0127201 801 0$aIT$bUNINA$gRICA$2UNIMARC 901 $aBK 912 $a990008794330403321 952 $aSDI-2T 41$bs.i.$fSDI 959 $aSDI 996 $aTribunali e giuristi consulenti italiani d'Ancien regime$9808424 997 $aUNINA LEADER 00940nam0-2200325---450- 001 990009197480403321 005 20100614090950.0 035 $a000919748 035 $aFED01000919748 035 $a(Aleph)000919748FED01 035 $a000919748 100 $a20100614d1989----km-y0itay50------ba 101 0 $aita 102 $aIT 105 $aa-------001yy 200 1 $a<>manuale pratico delle vaccinazioni$fGiorgio Bartolozzi, Elisabetta Cappelli 210 $aRoma$cNIS$d1989 215 $a217 p.$cill.$d24 cm 225 1 $aPediatria e specialita pediatriche$v2 610 0 $aVaccinazione 676 $a614.47 700 1$aBartolozzi,$bGiorgio$f<1924- >$0508162 701 1$aCappelli,$bElisabetta$0445923 801 0$aIT$bUNINA$gRICA$2UNIMARC 901 $aBK 912 $a990009197480403321 952 $aIG 17 G 07$b500$fDMIGI 959 $aDMIGI 996 $aManuale pratico delle vaccinazioni$9775190 997 $aUNINA